Marketing mistakes and successess.
| Main Author: | |
|---|---|
| Format: | Book |
| Published: |
New York:
John Wiley & Sons,
1997.
|
| Edition: | 7th ed.. |
| Subjects: |
| LEADER | 00536cam a2200181 7i4500 | ||
|---|---|---|---|
| 001 | 0000006374 | ||
| 005 | 19991025090000.0 | ||
| 002 | ##000008059 | ||
| 020 | 0 | 0 | |a 0 471-15905-0 |
| 090 | 0 | 0 | |a USA 658.8 |b HAR |
| 100 | 0 | 0 | |a Hartley |
| 245 | 0 | 0 | |a Marketing mistakes and successess. |
| 250 | 0 | 0 | |a 7th ed.. |
| 260 | 0 | 0 | |a New York: |b John Wiley & Sons, |c 1997. |
| 300 | 0 | 0 | |a 376 p.. |
| 650 | 0 | 0 | |a Marketing -- |x Case studies -- |z United States of America |
| 651 | 0 | 0 | |a United States of America |
| 999 | |a 0000009418 |b Book |c Open shelf |e Business Information Centre | ||